000 01404cam a2200361 i 4500
001 11594380
003 USPCAS-E
005 20180118181412.0
006 m o d |
007 cr cn|||||||||
008 150908t20132013enka ob 001 0 eng d
020 _z9781906574864
020 _a9781781830581 (ebook)
035 _a(MiAaPQ)ebr11094594
035 _a(NNC)11594380
040 _aMiAaPQ
_beng
_erda
_epn
_cMiAaPQ
_dMiAaPQ
050 4 _aTJ267
_b.R364 2013eb
082 0 4 _a621.406
_223
_bRAN-S 2012
100 1 _aRangwala, A. S.,
_eauthor.
245 1 0 _aStructural dynamics of turbo-machines /
_cA. S. Rangwala.
300 _a1 online resource (452 pages) :
_billustrations
502 _a0
504 _aIncludes bibliographical references at the end of each chapters and index.
590 _aElectronic reproduction. Ann Arbor, MI : ProQuest, 2015. Available via World Wide Web. Access may be limited to ProQuest affiliated libraries.
650 0 _aTurbomachines.
650 0 _aStructural dynamics.
655 4 _aElectronic books.
776 0 8 _iPrint version:
_aRangwala, A. S.
_tStructural dynamics of turbo-machines.
_dKent, [England] : New Academic Science Limited, c2013
_hxiii, 435 pages
_z9781906574864
797 2 _aProQuest (Firm)
856 4 0 _uhttp://www.columbia.edu/cgi-bin/cul/resolve?clio11594380
_zClick here for full text.
942 _2ddc
_cBK
999 _c355753
_d355753